| 000 | 00575nam a2200181 i 4500 | ||
|---|---|---|---|
| 001 | 82856 | ||
| 003 | ES-MaACL | ||
| 005 | 20230906174737.0 | ||
| 007 | t| | ||
| 008 | 041112s1935 sp ||||1| spa d | ||
| 100 | 1 |
_aIglesia, Ramón. _965061 |
|
| 245 | 1 | 0 |
_aBernal Díaz del Castillo y el popularismo en la historiografía española / _cRamón Iglesia. |
| 260 |
_aMadrid : _b[s.n.], _c1935. |
||
| 300 |
_aP. 5-18 ; _c25 cm. |
||
| 595 | _aTirada aparte de la Rev. "Terra Firme" nº 4, 1935. | ||
| 600 | 0 | 4 |
_aDíaz del Castillo, Bernal. _944257 |
| 852 |
_aES-MaACL _j1821-F-22 |
||
| 999 |
_c82856 _d82856 |
||